Giao thừa năm 2000: Những sắc màu thế kỷ
Giới thiệu toàn cảnh về thời điểm hàng tỉ con người trên trái đất bước sang thế kỷ 21 cùng với những niềm tin và khát vọng sống hòa bình, phát triền trong 1 thế giới rực rỡ sắc màu cũng những phát minh và sáng tạo
Đã lưu trong:
| Định dạng: | Sách |
|---|---|
| Năm xuất bản: |
Tp HCM
Thanh niên
1999.
|
| Chủ đề: | |
| Tags: |
Thêm thẻ
Không có thẻ, Hãy là người đầu tiên gắn thẻ bản ghi này!
|
| LEADER | 01113nam a2200169 4500 | ||
|---|---|---|---|
| 082 | |a 001 |b Gi108th. | ||
| 100 | |a | ||
| 245 | |a Giao thừa năm 2000: Những sắc màu thế kỷ |c Châu Giang, Thu Thuỷ, Mai Phương | ||
| 260 | |a Tp HCM |b Thanh niên |c 1999. | ||
| 300 | |a 735 tr. |c 19 cm | ||
| 520 | |a Giới thiệu toàn cảnh về thời điểm hàng tỉ con người trên trái đất bước sang thế kỷ 21 cùng với những niềm tin và khát vọng sống hòa bình, phát triền trong 1 thế giới rực rỡ sắc màu cũng những phát minh và sáng tạo | ||
| 653 | |a Tri thức | ||
| 942 | |2 ddc |c STK0 | ||
| 999 | |c 8373 |d 8373 | ||
| 952 | |0 0 |1 0 |2 ddc |4 0 |6 001_000000000000000_GI108TH |7 0 |8 000 |9 69949 |a qbu |b qbu |c D2 |d 2015-04-07 |g 74000 |o 001 Gi108th. |p 7523.c1 |r 0000-00-00 |w 2015-04-07 |y STK0 | ||
| 952 | |0 0 |1 0 |2 ddc |4 0 |6 001_000000000000000_GI108TH |7 0 |8 000 |9 69950 |a qbu |b qbu |c D2 |d 2015-04-07 |g 74000 |o 001 Gi108th. |p 7523.c2 |r 0000-00-00 |w 2015-04-07 |y STK0 | ||
| 952 | |0 0 |1 0 |2 ddc |4 0 |6 001_000000000000000_GI108TH |7 0 |8 000 |9 69951 |a qbu |b qbu |c D2 |d 2015-04-07 |g 74000 |o 001 Gi108th. |p 7523.c3 |r 0000-00-00 |w 2015-04-07 |y STK0 | ||